HIGH COURT CIVIL APPEAL NO.071 OF 2010 Omunyokol Akol Johnson Vs Attorney General (Record no. 3837)
[ view plain ]
| 000 -LEADER | |
|---|---|
| fixed length control field | 00328nam a22000977a 4500 |
| 008 - FIXED-LENGTH DATA ELEMENTS--GENERAL INFORMATION | |
| fixed length control field | 110624t xxu||||| |||| 00| 0 eng d |
| 010 ## - LIBRARY OF CONGRESS CONTROL NUMBER | |
| LC control number | HCCSF95 |
| 245 ## - TITLE STATEMENT | |
| Title | HIGH COURT CIVIL APPEAL NO.071 OF 2010 Omunyokol Akol Johnson Vs Attorney General |
| 260 ## - PUBLICATION, DISTRIBUTION, ETC. (IMPRINT) | |
| Place of publication, distribution, etc | Court of Appeal Kampala |
| 500 ## - GENERAL NOTE | |
| Materials specified | CORAM: Byamugisha, Kavuma and Nshimye, JJA |
| Withdrawn status | Lost status | Source of classification or shelving scheme | Damaged status | Koha normalized classification for sorting | Not for loan | Koha collection | Location (home branch) | Sublocation or collection (holding branch) | Shelving location | Date acquired | Koha issues (times borrowed) | Koha full call number | Piece designation (barcode) | Koha date last seen | Price effective from | Koha item type | Public note |
|---|---|---|---|---|---|---|---|---|---|---|---|---|---|---|---|---|---|
| Dewey Decimal Classification | CACAF_66B | Reference | Law Development Centre Main Library | Law Development Centre Main Library | Reference | 06/05/2015 | CACAF:66b | 0047/2015 | 06/05/2015 | 06/05/2015 | Un Reported Cases | Judgement made on 29th/May/2012 |
